Normal view
MARC view
Entry Personal Name
001 - CONTROL NUMBER
- control field: 164549
003 - CONTROL NUMBER IDENTIFIER
- control field: OSt
005 - DATE AND TIME OF LATEST TRANSACTION
- control field: 20220923220648.0
008 - FIXED-LENGTH DATA ELEMENTS
- fixed length control field: 220923|| aca||aabn | a|a d
040 ## - CATALOGING SOURCE
- Original cataloging agency: OSt
- Transcribing agency: OSt
100 ## - HEADING--PERSONAL NAME
- Personal name: दीक्षित, जगदीश चन्द्र; त्रिवेदी, अरूण, संपा
670 ## - SOURCE DATA FOUND
- Source citation: Work cat.: (OSt)341677: दीक्षित, जगदीश चन्द्र; त्रिवेदी, अरूण, संपा., प्रसाद की समरसता तथा श्रेयवाद, 1977
